Закон вечности: роман; пер. с груз.

التفاصيل البيبلوغرافية
المؤلف الرئيسي: Думбадзе Н. В. Нодар Владимирович
مؤلفون آخرون: Ахвледиани З. (переводчик)
اللغة:الروسية
منشور في: Москва, Художественная литература, 1984
سلاسل:Библиотека произведений, удостоенных Ленинской премии
الموضوعات:
التنسيق: MixedMaterials كتاب
KOHA link:https://koha.lib.tpu.ru/cgi-bin/koha/opac-detail.pl?biblionumber=140130

MARC

LEADER 00000nam0a2200000 4500
001 140130
005 20231101220833.0
020 |a RU  |b 84-34119 
035 |a (RuTPU)RU\TPU\book\151801 
090 |a 140130 
100 |a 20080620d1984 m y0rusy5003 ca 
101 1 |a rus  |c gex 
102 |a RU 
105 |a y z 000ay 
200 1 |a Закон вечности  |e роман  |e пер. с груз.  |f Н. В. Думбадзе  |g пер. З. Ахвледиани 
210 |a Москва  |c Художественная литература  |d 1984 
215 |a 207 с. 
225 1 |a Библиотека произведений, удостоенных Ленинской премии 
606 1 |a Грузинская литература  |2 stltpush  |3 (RuTPU)RU\TPU\subj\8671  |9 36034 
610 1 |a романы 
610 1 |a журналисты 
610 1 |a Грузия 
610 1 |a кардиология 
610 1 |a проза 
675 |a 894.631  |v 3 
700 1 |a Думбадзе  |b Н. В.  |g Нодар Владимирович  |4 070 
702 1 |a Ахвледиани  |b З.  |4 730 
801 0 |a RU  |b RuMRKP  |c 19950704  |g psbo 
801 1 |a RU  |b 63413507  |c 20080620  |g PSBO 
801 2 |a RU  |b 63413507  |c 20200911  |g PSBO 
942 |c BK